00386nam a2200157Ia 45000010006000000050017000060080041000230410008000640820024000721000027000962450052001232600009001753000028001846500008002126540008002201857420260306171640.0260306s9999||||xx |||||||||||||| ||und|| aESP a658.409bD278A 2002 aDrucker, Peter F.eAUT 0aLos desafíos de la gerencia para el siglo XXI c2002 a242 páginas :c18 cm. aGEN aCAN